| 000 | 00709nam a2200229 a 4500 | ||
|---|---|---|---|
| 999 |
_c1877 _d1877 |
||
| 001 | 9569 | ||
| 003 | BD-DhUAP | ||
| 005 | 20210127094027.0 | ||
| 008 | 200216s1993 bg b 00| 0 eng d | ||
| 040 |
_aBD-DhUAP _cBD-DhUAP _bEng _dBD-DhUAP |
||
| 082 | 0 | 0 |
_223 _a348.5492046 BAN |
| 245 |
_aBangladesh legal decisions / _cedited by Kazi Ebadul Hoque. |
||
| 260 |
_aDhaka : _bBangladesh bar council, _cc1987. |
||
| 300 |
_avolumes ; _c24 cm. |
||
| 504 | _aIncludes bibliographical references. | ||
| 505 | _aV. 7-- | ||
| 650 |
_aLaw reports, digests, etc _zBangladesh. |
||
| 700 | _aHoque, Kazi Ebadul | ||
| 710 | _aBangladesh Bar Council | ||
| 942 | 0 | 0 |
_01 _2ddc _cBK |